|
|
|
|
| LEADER |
00000naa2a2200000 4500 |
| 001 |
606171 |
| 005 |
20231101132405.0 |
| 035 |
|
|
|a (RuTPU)RU\TPU\conf\3550
|
| 035 |
|
|
|a RU\TPU\conf\3548
|
| 090 |
|
|
|a 606171
|
| 100 |
|
|
|a 20140521d2014 k y0rusy50 ca
|
| 101 |
0 |
|
|a rus
|
| 102 |
|
|
|a RU
|
| 105 |
|
|
|a y z 101zy
|
| 135 |
|
|
|a dran ---uucaa
|
| 181 |
|
0 |
|a i
|
| 182 |
|
0 |
|a b
|
| 200 |
1 |
|
|a Повышение компетенций преподавателя китайского языка в высшей школе
|f Т. М. Семёнова
|
| 203 |
|
|
|a Текст
|c электронный
|
| 225 |
1 |
|
|a Языковая иноязычная подготовка в вузе: от знаний к профессиональным компетенциям студентов и преподавателей
|
| 230 |
|
|
|a 1 компьютерный файл (pdf; 142 Кб)
|
| 300 |
|
|
|a Заглавие с титульного экрана
|
| 320 |
|
|
|a [Библиогр.: с. 129 (2 назв.)]
|
| 337 |
|
|
|a Adobe Reader
|
| 463 |
|
0 |
|0 (RuTPU)RU\TPU\conf\3316
|t Международное образование и межкультурная коммуникация: проблемы, поиски, решения
|o сборник трудов международной научно-практический конференции, г. Томск, 20-22 ноября 2013 г.
|f Национальный исследовательский Томский политехнический университет (ТПУ) ; под ред. И. В. Салосиной
|v [С. 122-129]
|d 2014
|
| 610 |
1 |
|
|a труды учёных ТПУ
|
| 610 |
1 |
|
|a электронный ресурс
|
| 610 |
1 |
|
|a компетенции
|
| 610 |
1 |
|
|a преподаватели
|
| 610 |
1 |
|
|a китайский язык
|
| 610 |
1 |
|
|a высшая школа
|
| 700 |
|
1 |
|a Семёнова
|b Т. М.
|c лингвист
|c преподаватель Томского политехнического университета
|f 1985-
|g Татьяна Михайловна
|2 stltpush
|3 (RuTPU)RU\TPU\pers\32373
|
| 712 |
0 |
2 |
|a Национальный исследовательский Томский политехнический университет (ТПУ)
|b Институт международного образования и языковой коммуникации (ИМОЯК)
|b Кафедра восточных языков (ВЯ)
|h 3505
|2 stltpush
|3 (RuTPU)RU\TPU\col\18973
|
| 801 |
|
2 |
|a RU
|b 63413507
|c 20140521
|g RCR
|
| 856 |
4 |
|
|u http://www.lib.tpu.ru/fulltext/c/2014/C67/008.pdf
|
| 942 |
|
|
|c BK
|